Library Banner

Sharing knowledge (Record no. 30996)

MARC details
000 -LEADER
fixed length control field 00504nam a2200193Ia 4500
001 - CONTROL NUMBER
control field 30873
003 - CONTROL NUMBER IDENTIFIER
control field PK-LaUMT
005 - DATE AND TIME OF LATEST TRANSACTION
control field 20220902152336.0
008 - FIXED-LENGTH DATA ELEMENTS--GENERAL INFORMATION
fixed length control field 140416s9999 xx 000 0 und d
020 ## - INTERNATIONAL STANDARD BOOK NUMBER
International Standard Book Number 0-8213-5712 -3
040 ## - CATALOGING SOURCE
Transcribing agency PK-LaUMT
082 ## - DEWEY DECIMAL CLASSIFICATION NUMBER
Classification number W 001
Item number GWI-S
100 ## - MAIN ENTRY--PERSONAL NAME
Personal name Catherine Gwin
245 ## - TITLE STATEMENT
Title Sharing knowledge
Remainder of title innovations and remaining challenges
Statement of responsibility, etc Catherine Gwin
260 ## - PUBLICATION, DISTRIBUTION, ETC. (IMPRINT)
Place of publication, distribution, etc Washington,USA:
Name of publisher, distributor, etc World Bank,
Date of publication, distribution, etc 2003
300 ## - PHYSICAL DESCRIPTION
Extent 99 p.
546 ## - LANGUAGE NOTE
Language note EN
942 ## - ADDED ENTRY ELEMENTS (KOHA)
Koha item type Permanently weeded out collection
Source of classification or shelving scheme Dewey Decimal Classification
Holdings
Withdrawn status Lost status Damaged status Not for loan Home library Current library Date acquired Total Checkouts Full call number Barcode Date last seen Price effective from Koha item type
        UMT Main Campus UMT Main Campus 2014-04-16   W 001 GWI-S 37883 2014-05-03 2014-05-03 Books